País Mais Parecido (em PIB) - Statistics

Estatísticas Gerais
  • Esse quiz foi jogado 55 vezes
  • A pontuação média é 6 de 12
Estatísticas das Respostas
PIB (US$ Milhões) Country Resposta PIB (US$ Milhões) % Correto
18,558,130 Estados Unidos China 11,383,030
100%
4,412,600 Japão Alemanha 3,467,780
82%
1,534,780 Brasil Canadá 1,462,330
80%
2,288,720 Índia França 2,464,790
78%
936,955 Indonésia México 1,082,430
65%
1,200,780 Austrália Espanha 1,242,360
63%
1,082,430 Nigéria Suécia 512,748
49%
384,799 Áustria Irão 386,120
33%
762,521 Países Baixos Turquia 751,186
29%
306,194 Israel Malásia 309,262
16%
1,425 Sta. Lúcia Seychelles 1,427
6%
14,198 Mali Gabão 14,166
0%
Nenhum quiz correspondente encontrado
Distribuição das Pontuações
Porcentagem de Pessoas com Cada Pontuação
Percentil de Números Respondidos
Sua Pontuação Histórica
Você não jogou esse quiz